000 00594nam a2200205Ii 4500
003 JO-AjNU
008 230606s9999||||xx |||||||||||||| ||und||
020 _a81-219-2947-4
040 _aJO-AjNU
_beng
_erda
_cJO-AjNU
041 _aeng
050 1 4 _aK1315.2008
100 3 _aTULSIAN ، P.C,
_eauthor
_94
245 0 0 _aCOMPANY AND COMPENSATION LAWS A SELF - STUDY TEXTBOOK FOR B . COM
250 _a1 ed
264 3 1 _a NEW DELHI S. CHAND and COMPANY LTD ، 2008
336 _atext
_btxt
_2rdacontent
337 _aunmediated
_bn
_2rdamedia
338 _avolume
_bnc
_2rdacarrier
650 4 _alaw
_95
999 _aE3
_c3
_d3